<?xml version="1.0" encoding="UTF-8"?>
<record
    xmlns:xsi="http://www.w3.org/2001/XMLSchema-instance"
    xsi:schemaLocation="http://www.loc.gov/MARC21/slim http://www.loc.gov/standards/marcxml/schema/MARC21slim.xsd"
    xmlns="http://www.loc.gov/MARC21/slim">

  <leader>00246nam a2200097   4500</leader>
  <datafield tag="245" ind1=" " ind2=" ">
    <subfield code="a">Reflections on human condition</subfield>
    <subfield code="c"> Eric Hoffer</subfield>
  </datafield>
  <datafield tag="100" ind1=" " ind2=" ">
    <subfield code="a">Hoffer, Eric</subfield>
  </datafield>
  <datafield tag="260" ind1=" " ind2=" ">
    <subfield code="a">NewYork</subfield>
    <subfield code="b">Harper &amp; Row </subfield>
    <subfield code="c">c1973</subfield>
  </datafield>
  <datafield tag="300" ind1=" " ind2=" ">
    <subfield code="a">182p. ; 18cm.</subfield>
  </datafield>
  <datafield tag="082" ind1=" " ind2=" ">
    <subfield code="a">128.3</subfield>
    <subfield code="b">HOF</subfield>
  </datafield>
  <datafield tag="952" ind1=" " ind2=" ">
    <subfield code="0">0</subfield>
    <subfield code="1">0</subfield>
    <subfield code="4">0</subfield>
    <subfield code="7">0</subfield>
    <subfield code="8">REL</subfield>
    <subfield code="a">NEHU</subfield>
    <subfield code="b">NEHU</subfield>
    <subfield code="d">2011-11-24</subfield>
    <subfield code="l">1</subfield>
    <subfield code="o">128.3 HOF</subfield>
    <subfield code="p">14049</subfield>
    <subfield code="r">2017-05-22 00:00:00</subfield>
    <subfield code="s">2017-05-15</subfield>
    <subfield code="t">Phil</subfield>
    <subfield code="w">2011-11-24</subfield>
    <subfield code="y">BK</subfield>
  </datafield>
  <datafield tag="999" ind1=" " ind2=" ">
    <subfield code="c">7549</subfield>
    <subfield code="d">7549</subfield>
  </datafield>
</record>
